Score 0/150 Timer 15:00
11 Plays Today
% Correct
The One Where Everybody Finds Out
72.4%
The One with All the Thanksgivings
71.3%
The One with Mac and C.H.E.E.S.E.
70.7%
The One Where Chandler Can't Cry
70.4%
The One with the Prom Video
70.4%
The One Where No One's Ready
70.4%
The One Where Nana Dies Twice
70.4%
The One with the Lesbian Wedding
69.6%
The One Where Ross Finds Out
69.6%
The One with Monica and Chandler's Wedding
69.6%
The One with the Holiday Armadillo
69.5%
The One Where Rachel Finds Out
69.1%
The One Where Heckles Dies
69%
The One Where Chandler Can't Remember Which Sister
68.9%
The One with the Free Porn
68.8%
The One with Ross's Sandwich
68.8%
The One that Could Have Been
68.7%
The One After Ross Says Rachel
68.7%
The One with a Chick and a Duck
68.6%
The One with the Blackout
68.6%
The One with the Giant Poking Device
68.4%
The One with the Embryos
68%
The One with the Male Nanny
68%
The One with All the Kissing
67.7%
The One in Barbados
67.7%
The One with Rachel's Other Sister
67.7%
The One with All the Wedding Dresses
67.7%
The One with Chandler in a Box
67.7%
The One Where Estelle Dies
67.5%
The One with the Proposal
67.5%
The One Where Ross Can't Flirt
67.4%
The One After 'I Do'
67.4%
The One Where Chandler Takes a Bath
67.4%
The One Where No One Proposes
67.4%
The One with the Ultimate Fighting Champion
67.3%
The One with Ross's Tan
67.3%
The One Where Eddie Won't Go
67.3%
The One Where Rachel Has a Baby
67.3%
The One in Vegas
67.2%
The One with Unagi
67.2%
The One Where Ross and Rachel...You Know
67.1%
The One with the Red Sweater
67%
The One Where Ross is Fine
66.9%
The One with the Dozen Lasagnas
66.8%
The One with All the Poker
66.7%
The One with the Lottery
66.8%
The One Where Joey Speaks French
66.6%
The One After Vegas
66.5%
The One with Phoebe's Wedding
66.5%
The One Where Old Yeller Dies
66.4%
% Correct
The One with Chandler's Work Laugh
66.4%
The One Where They're Up All Night
66.4%
The One Hundredth
66.4%
The One Where Ross and Rachel Take a Break
66.3%
The One with the Race Car Bed
66.1%
The One with Ross's Teeth
66.1%
The One Where the Stripper Cries
66%
The One with the Princess Leia Fantasy
65.9%
The One Where Rachel Quits
65.9%
The One with the Jellyfish
65.7%
The One with the Apothecary Table
65.6%
The One with the Birthing Video
65.5%
The One Where Phoebe Hates PBS
65.5%
The One with Monica's Thunder
65.3%
The One Where Phoebe Runs
65.3%
The One with the Truth About London
65.1%
The One with the Breast Milk
65%
The One with Joey's Big Break
64.7%
The One with Barry and Mindy's Wedding
64.6%
The One Where Dr. Ramoray Dies
64.1%
The One with Monica's Boots
64.1%
The One with the Videotape
63.7%
The One Where Rachel Smokes
63.7%
The One with George Stephanopoulos
63.7%
The One with Ross's Wedding
63.5%
The One Where Monica and Richard are Just Friends
63.3%
The One with Five Steaks and an Eggplant
63.1%
The One Where Ross Got High
63%
The One with Princess Consuela
62.8%
The One with the Nap Partners
62.6%
The One with Phoebe's Husband
62.6%
The One with Joey's Bag
62.5%
The One After the Superbowl
62.4%
The One the Morning After
62.4%
The One with All the Rugby
62.4%
The One with Ross's Inappropriate Song
62.2%
The One Where Joey Dates Rachel
62.1%
The One After Joey and Rachel Kiss
62%
The One Where Emma Cries
62%
The One Where Chandler Doesn't Like Dogs
62%
The One with the Baby Shower
61.9%
The One with the Birth Mother
61.9%
The One with Phoebe's Uterus
61.5%
The One Where Ross Moves In
61.5%
The One with Joey's Porsche
61.5%
The One with the Sonogram at the End
61%
The One with the Chicken Pox
60.9%
The One with All the Candy
60.9%
The One with Ross's New Girlfriend
60.7%
The One with the Worst Best Man Ever
60.6%
% Correct
The One with the Hypnosis Tape
60.5%
The One Where the Monkey Gets Away
60.2%
The One Where Monica Sings
60%
The One with Christmas in Tulsa
60%
The One with Joey's New Brain
60%
The One with Rachel's Going Away Party
59.9%
The One with the Ick Factor
59.9%
The One with Chandler's Dad
59.8%
The One with the East German Laundry Detergent
59.8%
The One Where Underdog Gets Away
59.7%
The One with the Routine
59.4%
The One Where Chandler Crosses the Line
59.3%
The One with the Engagement Picture
59.2%
The One Where Rosita Dies
59.2%
The One with the Evil Orthodontist
59%
The One Without the Ski Trip
58.9%
The One with Rachel's Inadvertent Kiss
58.7%
The One with the Fake Party
58.6%
The One with the Tiny T-Shirt
58.4%
The One with the Mugging
58.3%
The One with the Secret Closet
58.3%
The One with the Dirty Girl
58.2%
The One with the Fertility Test
57.8%
The One with the Boobies
57.6%
The One with the Soap Opera Party
57.1%
The One Where Rachel is Late
57%
The One Where Paul's the Man
56.7%
The One with the Stoned Guy
56.5%
The One with the Ballroom Dancing
56.5%
The One with Ross's Library Book
55.9%
The One Where Chandler Gets Caught
55.8%
The One with Phoebe's Cookies
55.5%
The One Where Ross Hugs Rachel
55.1%
The One with the Cooking Class
54.9%
The One Where Joey Loses His Insurance
54.7%
The One with the Metaphorical Tunnel
54%
The One with the Cheap Wedding Dress
53.8%
The One with the Butt
52.3%
The One with Phoebe's Rats
51.9%
The One with the Boob Job
51.8%
The One with the Invitation
51.5%
The One Where They're Going to Party!
51.1%
The One Where Rachel's Sister Baby-Sits
50.9%
The One with the Tea Leaves
50%
The One with Joey's Interview
49.8%
The One with the Cake
49.2%
The One with the Sharks
47.3%
The One with Ross's Grant
46.7%
The One with the Home Study
40.3%
The One with Ross's Step Forward
37.6%
Come Together.
Have Fun.
All Virtual.
We all need to come together. Play Sporcle's virtual live trivia to have fun, connect with people, and get your trivia on. Join a live hosted trivia game for your favorite pub trivia experience done virtually. If a virtual private party is more your thing, go here for details.

You're not logged in!

Compare scores with friends on all Sporcle quizzes.
OR
Log In

Sporcle TV

Today on Sporcle TV


Watch our educational content, quiz creation guides, and fun videos on Sporcle TV.

Show Comments

Extras

Top Quizzes Today


Score Distribution

Paid Content

Your Account Isn't Verified!

In order to create a playlist on Sporcle, you need to verify the email address you used during registration. Go to your Sporcle Settings to finish the process.

Report this User

Report this user for behavior that violates our Community Guidelines.

Details: